[Event "GER-chT U20"]
[Site "Kiel"]
[Date "2022.07.23"]
[Round "2.5"]
[White "Wang, Xinyuan1111"]
[Black "Rothenberg, Jannik"]
[Result "0-1"]
[WhiteElo "1875"]
[BlackElo "1889"]
[PlyCount "72"]
[EventDate "2022.07.22"]
[EventType "team-swiss"]
[EventRounds "7"]
[EventCountry "GER"]
[SourceTitle "CBM 209 Extra"]
[Source "ChessBase"]
[SourceDate "2022.09.30"]
[SourceVersion "1"]
[SourceVersionDate "2022.09.30"]
[SourceQuality "1"]
[WhiteTeam "Karlsruhe SF"]
[BlackTeam "Uelzen Post"]
[WhiteTeamCountry "GER"]
[BlackTeamCountry "GER"]

1. d4 c5 2. d5 d6 3. e4 g6 4. Nf3 Bg7 5. Be2 e6 6. dxe6 fxe6 7. 0-0 Nc6 8. c3 Nge7 9. a4 0-0 10. Na3 Kh8 11. Be3 b6 12. Qd2 d5 13. exd5 exd5 14. Bh6 Nf5 15. Bxg7+ Kxg7 16. Bb5 Bb7 17. Rfe1 Qf6 18. Ng5 Rae8 19. f4 a6 20. Bd3 Nd6 21. Nc2 h6 22. Rxe8 Rxe8 23. Nf3 Ne4 24. Bxe4 dxe4 25. Qe3 Qf7 26. Nd2 Ne7 27. c4 Nf5 28. Qb3 Qf6 29. Re1 Nd4 30. Qc3 Nxc2 31. Qxc2 Qd4+ 32. Kh1 e3 33. Nf1 Qxf4 34. Ng3 Kh7 35. Rf1 Qxf1+ 36. Nxf1 e2 0-1

[Event "Lueneburg op-A"]
[Site "Lueneburg"]
[Date "2019.08.05"]
[Round "3"]
[White "Koenig, Christian"]
[Black "Rothenberg, Jannik"]
[Result "1-0"]
[WhiteElo "2026"]
[BlackElo "1859"]
[PlyCount "62"]
[EventDate "2019.08.03"]
[EventType "swiss"]
[EventRounds "9"]
[EventCountry "GER"]
[SourceTitle "CBM 191 Extra"]
[Source "ChessBase"]
[SourceDate "2019.09.30"]
[SourceVersion "1"]
[SourceVersionDate "2019.09.30"]
[SourceQuality "1"]

1. e4 e6 2. d4 d5 3. Nc3 Nf6 4. e5 Nfd7 5. f4 c5 6. Nf3 Nc6 7. Be3 a6 8. Qd2 b5 9. dxc5 Bxc5 10. Bxc5 Nxc5 11. Qf2 Qe7 12. Bd3 Nb4 13. Rd1 Nbxd3+ 14. cxd3 b4 15. Ne2 Bd7 16. 0-0 0-0 17. Qe3 Rfc8 18. Rf2 Rc7 19. Nfd4 f5 20. exf6 gxf6 21. Ng3 Kh8 22. Rc1 Rac8 23. Rfc2 Qd6 24. Nh5 Qf8 25. Nb3 Nxb3 26. Rxc7 Nxc1 27. Rxd7 d4 28. Qe4 Qh6 29. Nxf6 Ne2+ 30. Kf2 Qh4+ 31. Kxe2 Rc2+ 1-0

[Event "GER-ch U25-A"]
[Site "Willingen"]
[Date "2019.06.11"]
[Round "4"]
[White "Weigand, Anton"]
[Black "Rothenberg, Jannik"]
[Result "0-1"]
[WhiteElo "1889"]
[BlackElo "1795"]
[PlyCount "62"]
[EventDate "2019.06.08"]
[EventType "swiss"]
[EventRounds "9"]
[EventCountry "GER"]
[SourceTitle "CBM 191 Extra"]
[Source "ChessBase"]
[SourceDate "2019.09.30"]
[SourceVersion "1"]
[SourceVersionDate "2019.09.30"]
[SourceQuality "1"]

1. e4 e6 2. d4 d5 3. exd5 exd5 4. Nf3 Bd6 5. Bd3 Ne7 6. 0-0 Nbc6 7. c3 Bg4 8. Re1 Qd7 9. Bg5 f6 10. Bh4 0-0-0 11. Nbd2 g5 12. Bg3 h5 13. Qc2 h4 14. Bxd6 Qxd6 15. b4 Bxf3 16. Nxf3 Kb8 17. b5 Na5 18. Qe2 Nc8 19. Qe6 Qf4 20. Qe3 Qd6 21. Qe6 Qf4 22. Qf5 Qxf5 23. Bxf5 Nd6 24. Bd3 Nac4 25. a4 g4 26. Nxh4 Rxh4 27. Re6 Rdh8 28. Rae1 Rxh2 29. Kf1 Rh1+ 30. Ke2 Rxe1+ 31. Kxe1 Re8 0-1

[Event "GER-ch U25-A"]
[Site "Willingen"]
[Date "2019.06.09"]
[Round "2"]
[White "Mueller, Magnus"]
[Black "Rothenberg, Jannik"]
[Result "1-0"]
[WhiteElo "1837"]
[BlackElo "1795"]
[PlyCount "87"]
[EventDate "2019.06.08"]
[EventType "swiss"]
[EventRounds "9"]
[EventCountry "GER"]
[SourceTitle "CBM 191 Extra"]
[Source "ChessBase"]
[SourceDate "2019.09.30"]
[SourceVersion "1"]
[SourceVersionDate "2019.09.30"]
[SourceQuality "1"]

1. Nf3 g6 2. e4 Bg7 3. d4 d6 4. Bc4 Nf6 5. Qe2 0-0 6. 0-0 c6 7. Bb3 b5 8. Rd1 Qb6 9. e5 Ne8 10. Bg5 e6 11. Be7 d5 12. a4 a5 13. h4 b4 14. Qe3 Na6 15. h5 Ra7 16. Bxf8 Bxf8 17. Nbd2 c5 18. c3 bxc3 19. bxc3 cxd4 20. Nxd4 Rc7 21. Rab1 Qc5 22. Rdc1 Qe7 23. Nb5 Rd7 24. c4 Bb7 25. hxg6 hxg6 26. Nf3 dxc4 27. Bxc4 Nb4 28. Rd1 Rxd1+ 29. Rxd1 Nc7 30. Nd6 Bd5 31. Bxd5 Ncxd5 32. Qc5 Qd8 33. Nd4 Qg5 34. Qa7 Be7 35. Nf3 Qg4 36. Rd4 Nf4 37. Rxf4 Qxf4 38. Qxe7 Qc1+ 39. Kh2 Qf4+ 40. Kh3 Nd3 41. Qh4 Qc1 42. Qd8+ Kh7 43. Qf6 Qh6+ 44. Kg3 1-0

[Event "JBLN West 1819"]
[Site "Germany"]
[Date "2018.11.04"]
[Round "2.4"]
[White "Rothenberg, Jannik"]
[Black "Tiedemann, Fin Niklas"]
[Result "0-1"]
[WhiteElo "1853"]
[BlackElo "1949"]
[PlyCount "76"]
[EventDate "2018.09.23"]
[EventType "team-tourn"]
[EventRounds "9"]
[EventCountry "GER"]
[SourceTitle "EXT 2020"]
[Source "ChessBase"]
[SourceDate "2019.10.17"]
[SourceVersion "1"]
[SourceVersionDate "2019.10.17"]
[SourceQuality "1"]
[WhiteTeam "Uelzen Post U20"]
[BlackTeam "Luebeck SV U20"]
[WhiteTeamCountry "GER"]
[BlackTeamCountry "GER"]

1. d4 Nf6 2. c4 g6 3. Nc3 Bg7 4. e4 d6 5. Nf3 0-0 6. Be2 Nbd7 7. 0-0 e5 8. d5 Nc5 9. Qc2 a5 10. Ne1 Nfd7 11. Be3 f5 12. f3 f4 13. Bf2 g5 14. Nd3 b6 15. a3 h5 16. b4 Nxd3 17. Qxd3 Rf6 18. Na4 Rg6 19. c5 g4 20. fxg4 hxg4 21. g3 bxc5 22. Qc2 axb4 23. axb4 cxb4 24. Qc6 Rb8 25. Rfc1 f3 26. Bd3 Rb7 27. Rab1 Bh6 28. Rc2 Rg7 29. Rcb2 Nb8 30. Qc2 Bd7 31. Rxb4 Rxb4 32. Rxb4 c5 33. dxc6 Nxc6 34. Rb7 Kh7 35. Bb5 Nd4 36. Bxd4 Bxb5 37. Bb6 Rxb7 38. Bxd8 Be3+ 0-1

[Event "GER-chT U16"]
[Site "Walldorf"]
[Date "2017.12.29"]
[Round "6.3"]
[White "Rothenberg, Jannik"]
[Black "Gluma, Christian"]
[Result "1-0"]
[WhiteElo "1780"]
[BlackElo "1616"]
[PlyCount "101"]
[EventDate "2017.12.26"]
[EventType "team-swiss"]
[EventRounds "7"]
[EventCountry "GER"]
[SourceTitle "CBM 182 Extra"]
[Source "ChessBase"]
[SourceDate "2018.02.23"]
[SourceVersion "1"]
[SourceVersionDate "2018.02.23"]
[SourceQuality "1"]
[WhiteTeam "Uelzen Post"]
[BlackTeam "Bochum"]
[WhiteTeamCountry "GER"]
[BlackTeamCountry "GER"]

1. d4 e6 2. c4 d5 3. Nc3 Nf6 4. cxd5 exd5 5. Bg5 Be7 6. e3 0-0 7. Bd3 c6 8. Qc2 h6 9. Bh4 Re8 10. h3 Nbd7 11. Nf3 Nf8 12. 0-0 Nh5 13. Bxe7 Rxe7 14. Rab1 b6 15. b4 Bb7 16. a4 Ne6 17. Rfc1 Nf6 18. Nd2 Rc8 19. Bf5 Qe8 20. Nb3 g6 21. Bxe6 fxe6 22. Qd3 Rec7 23. Rb2 Kg7 24. Rbc2 Qe7 25. Na2 Qd6 26. a5 Nd7 27. h4 Nf6 28. Nd2 g5 29. Nf3 Rg8 30. Ne5 Kf8 31. axb6 axb6 32. hxg5 Rxg5 33. f4 Rg3 34. f5 Rcg7 35. Rf1 Ne4 36. fxe6+ Ke8 37. Qd1 R7g5 38. Rf7 Bc8 39. Rxc6 Rxg2+ 40. Kh1 Qxc6 41. Nxc6 Nf2+ 42. Rxf2 Rxf2 43. Nc3 Bxe6 44. Ne5 Kf8 45. Qe1 Rgg2 46. Nf3 Bg4 47. Nh4 Rh2+ 48. Kg1 Rc2 49. Nxd5 Be6 50. Nf4 Bg4 51. Nhg2 1-0

[Event "GER-chT U16"]
[Site "Walldorf"]
[Date "2017.12.28"]
[Round "4.3"]
[White "Lutterbach, Jakob"]
[Black "Rothenberg, Jannik"]
[Result "1-0"]
[WhiteElo "1463"]
[BlackElo "1780"]
[PlyCount "80"]
[EventDate "2017.12.26"]
[EventType "team-swiss"]
[EventRounds "7"]
[EventCountry "GER"]
[SourceTitle "CBM 182 Extra"]
[Source "ChessBase"]
[SourceDate "2018.02.23"]
[SourceVersion "1"]
[SourceVersionDate "2018.02.23"]
[SourceQuality "1"]
[WhiteTeam "Bingen"]
[BlackTeam "Uelzen Post"]
[WhiteTeamCountry "GER"]
[BlackTeamCountry "GER"]

1. e4 e6 2. d4 d5 3. Nc3 Nf6 4. Bg5 Be7 5. e5 Nfd7 6. Bxe7 Qxe7 7. f4 a6 8. Nf3 c5 9. dxc5 Nxc5 10. Qd2 Nc6 11. g3 0-0 12. Bg2 b5 13. Nd4 Nxd4 14. Qxd4 b4 15. Ne2 a5 16. 0-0 Ba6 17. Rfe1 Rfc8 18. Qd2 Ra7 19. Nd4 Rac7 20. a3 Rb7 21. axb4 Rxb4 22. b3 Qc7 23. Ra3 Qb6 24. Kh1 Ne4 25. Bxe4 Rxd4 26. Qxa5 Qc6 27. Qxa6 Qc3 28. Re3 Rd1+ 29. Kg2 Qc5 30. Bd3 Rf8 31. Qa7 Qc6 32. Qd4 f6 33. exf6 gxf6 34. Ra1 Rxa1 35. Qxa1 d4+ 36. Be4 Qc5 37. Re2 e5 38. fxe5 fxe5 39. Qa6 Qe7 40. Bd5+ Kg7 1-0

[Event "GER-chT U16"]
[Site "Walldorf"]
[Date "2017.12.27"]
[Round "2.3"]
[White "Kartsev, Nikolaj"]
[Black "Rothenberg, Jannik"]
[Result "1-0"]
[WhiteElo "2008"]
[BlackElo "1780"]
[PlyCount "39"]
[EventDate "2017.12.26"]
[EventType "team-swiss"]
[EventRounds "7"]
[EventCountry "GER"]
[SourceTitle "CBM 182 Extra"]
[Source "ChessBase"]
[SourceDate "2018.02.23"]
[SourceVersion "1"]
[SourceVersionDate "2018.02.23"]
[SourceQuality "1"]
[WhiteTeam "Brackel"]
[BlackTeam "Uelzen Post"]
[WhiteTeamCountry "GER"]
[BlackTeamCountry "GER"]

1. e4 e6 2. Qe2 Be7 3. Nf3 d5 4. d3 Nf6 5. g3 c5 6. Bg2 Nc6 7. 0-0 0-0 8. Nbd2 Qc7 9. b3 d4 10. Nh4 Ne8 11. f4 f6 12. f5 e5 13. Ng6 hxg6 14. fxg6 f5 15. Qh5 Nf6 16. Qh4 f4 17. gxf4 exf4 18. e5 Nxe5 19. Bd5+ Nf7 20. Ne4 1-0

[Event "GER-chT U16"]
[Site "Walldorf"]
[Date "2017.12.27"]
[Round "1.3"]
[White "Rothenberg, Jannik"]
[Black "Bosch, Jonael"]
[Result "1-0"]
[WhiteElo "1780"]
[BlackElo "1512"]
[PlyCount "61"]
[EventDate "2017.12.26"]
[EventType "team-swiss"]
[EventRounds "7"]
[EventCountry "GER"]
[SourceTitle "CBM 182 Extra"]
[Source "ChessBase"]
[SourceDate "2018.02.23"]
[SourceVersion "1"]
[SourceVersionDate "2018.02.23"]
[SourceQuality "1"]
[WhiteTeam "Uelzen Post"]
[BlackTeam "Leipzig Turm"]
[WhiteTeamCountry "GER"]
[BlackTeamCountry "GER"]

1. d4 d5 2. c4 e6 3. Nc3 Nf6 4. Bg5 Be7 5. e3 h6 6. Bh4 0-0 7. Nf3 b6 8. cxd5 Nxd5 9. Bxe7 Qxe7 10. Nxd5 exd5 11. Bd3 c5 12. dxc5 bxc5 13. 0-0 Rd8 14. Rc1 Nd7 15. Qe2 Nf6 16. Rfd1 Bb7 17. b3 Rac8 18. h3 Ne4 19. Nd2 Nf6 20. Nf3 Ne4 21. Qc2 Nf6 22. Bf5 Rc6 23. e4 g6 24. exd5 Rxd5 25. Re1 Qf8 26. Bd3 Ba6 27. Bc4 Bxc4 28. Qxc4 Qd6 29. b4 Rc8 30. a3 Nd7 31. Qe4 1-0

[Event "Niedersachsen-ch op-C"]
[Site "Verden"]
[Date "2017.01.05"]
[Round "1"]
[White "Rothenberg, Jannik"]
[Black "Schiller, Jan Hendrik"]
[Result "1-0"]
[WhiteElo "1493"]
[BlackElo "1791"]
[PlyCount "99"]
[EventDate "2017.01.05"]
[EventType "swiss"]
[EventRounds "7"]
[EventCountry "GER"]
[SourceTitle "CBM 187 Extra"]
[Source "ChessBase"]
[SourceDate "2018.11.04"]
[SourceVersion "1"]
[SourceVersionDate "2018.11.04"]
[SourceQuality "1"]

1. d4 Nf6 2. c4 e6 3. Nc3 d5 4. Bg5 Be7 5. e3 0-0 6. Nf3 Nbd7 7. Rc1 a6 8. Bd3 h6 9. Bh4 c5 10. cxd5 exd5 11. 0-0 b5 12. dxc5 Nxc5 13. Bb1 Be6 14. Ne2 Rc8 15. Ned4 Nfe4 16. Bxe7 Qxe7 17. Qe2 Rfd8 18. Rfd1 Bd7 19. h3 Ng5 20. Nxg5 Qxg5 21. Qf3 Na4 22. b3 Nc3 23. Rd2 b4 24. Bd3 a5 25. Rdc2 Nxa2 26. Ra1 Rxc2 27. Nxc2 a4 28. bxa4 b3 29. Nd4 Bxa4 30. Rb1 Rb8 31. Rb2 Nc3 32. g3 Qe7 33. Qf4 Qb7 34. Ne2 Nd1 35. Rb1 b2 36. Qxa4 Nxe3 37. fxe3 Qe7 38. Kf2 g6 39. Qd4 Rb4 40. Qxd5 Qf6+ 41. Qf3 Qd6 42. Nd4 Qc5 43. Qc6 Qa7 44. Qc3 Qb6 45. Nb5 Rxb5 46. Bxb5 Qxb5 47. Rxb2 Qf5+ 48. Kg2 Qe4+ 49. Kh2 Qf3 50. Rb8+ 1-0

[Event "Lueneburg distr-ch U16/18"]
[Site "Muenster"]
[Date "2016.10.12"]
[Round "7.4"]
[White "Gebauer, Daniel"]
[Black "Rothenberg, Jannik"]
[Result "0-1"]
[WhiteElo "771"]
[BlackElo "1506"]
[PlyCount "68"]
[EventDate "2016.10.10"]
[EventType "swiss"]
[EventRounds "7"]
[EventCountry "GER"]
[SourceTitle "EXT 2019"]
[Source "ChessBase"]
[SourceDate "2018.10.10"]
[SourceVersion "1"]
[SourceVersionDate "2018.10.10"]
[SourceQuality "1"]

1. d4 c5 2. c3 Nf6 3. Bf4 b6 4. Nf3 Bb7 5. Nbd2 d6 6. e3 g6 7. Bb5+ Nbd7 8. 0-0 Bg7 9. Nc4 0-0 10. Qa4 a6 11. Bxd7 Nxd7 12. Rad1 b5 13. Qb3 Bxf3 14. Rd3 bxc4 15. Qxc4 Nb6 16. Qb3 c4 17. Qc2 cxd3 18. Qxd3 Bd5 19. b3 Qc8 20. Bg5 Qg4 21. f3 Qxg5 22. e4 Be6 23. Re1 Bh3 24. g3 h5 25. f4 Qg4 26. f5 h4 27. Re3 Bh6 28. Rf3 d5 29. e5 Qe4 30. Qxe4 dxe4 31. Rf2 Be3 32. a4 Nxa4 33. bxa4 Rab8 34. fxg6 Rb1# 0-1

[Event "Lueneburg distr-ch U14/16/18"]
[Site "Tostedt"]
[Date "2015.10.20"]
[Round "4.3"]
[White "Rothenberg, Jannik"]
[Black "Krueger, Iwan"]
[Result "1/2-1/2"]
[WhiteElo "1496"]
[BlackElo "1421"]
[PlyCount "87"]
[EventDate "2015.10.19"]
[EventType "swiss"]
[EventRounds "7"]
[EventCountry "GER"]
[SourceTitle "EXT 2019"]
[Source "ChessBase"]
[SourceDate "2018.10.10"]
[SourceVersion "1"]
[SourceVersionDate "2018.10.10"]
[SourceQuality "1"]

1. d4 d5 2. c4 c6 3. Nc3 Nf6 4. Nf3 Bf5 5. cxd5 cxd5 6. Qb3 b6 7. Bf4 e6 8. e3 Nbd7 9. Be2 Be7 10. 0-0 Nh5 11. Bg3 Nxg3 12. hxg3 0-0 13. Rac1 Nf6 14. Ne5 a6 15. Na4 b5 16. Nc5 Bxc5 17. dxc5 Rc8 18. Bd3 Ne4 19. Bxe4 Bxe4 20. Qc3 Qc7 21. b4 f6 22. Nf3 Bxf3 23. gxf3 Qc6 24. Rcd1 a5 25. a3 axb4 26. axb4 Rfd8 27. f4 Qc7 28. Qb3 Qc6 29. Rfe1 Rd7 30. e4 dxe4 31. Rxd7 Qxd7 32. Rxe4 Kf7 33. f5 Rc6 34. fxe6+ Rxe6 35. Rxe6 Qxe6 36. Qxe6+ Kxe6 37. Kg2 g5 38. g4 f5 39. Kf3 Ke5 40. gxf5 Kxf5 41. Kg3 h5 42. f3 Ke5 43. Kh3 Kf5 44. Kg3 1/2-1/2